000 00817nam a2200289 a 4500
001 76428
003 BD-RjUL
005 20211209082837.0
008 191204s1968 enk b 001 0 eng
020 _a0269670335
035 _a(BD-RjUL)76649
040 _aDLC
_cDLC
_dDLC
_dBD-RjUL
_beng
041 _aeng
082 0 0 _223
_a709.04
_bMCA 1968
100 1 _aMcMullen, Roy.
_9235972
245 1 0 _aArt, affluence and alienation:
_bthe fine arts today /
_cRoy McMullen
260 _aLondon :
_bPall Mall P.,
_c1968.
300 _avii, 272 p.
_c25 cm.
350 _a40/-
490 0 _aBritannica perspectives
504 _aBibliographical footnotes.
650 0 _aArts, Modern
_y20th century
_xHistory.
_9235973
942 _2ddc
_cBK
999 _c76428
_d76428